Hauptstädte Nord-/Mittelamerikas - Statistiken

Allgemein
  • Dieses Quiz wurde 141 mal gespielt
  • Das Durchschnittsergebnis liegt bei 13 aus 23
Antworten auf der Karte
Die Antworten werden auf der Karte rot bzw. grün angezeigt, abhängig davon wie oft sie richtig erraten wurden.
 
Antwortstatistiken
Antwort % Korrekt
Mexiko-Stadt
94%
Washington D.C.
92%
Ottawa
90%
Panama City
82%
Havanna
77%
San Salvador
69%
Santo Domingo
66%
Guatemala-Stadt
65%
Nassau
65%
Port-au-Prince
65%
San Jose
63%
Belmopan
60%
Tegucigalpa
60%
Kingston
58%
Managua
58%
Port of Spain
58%
Bridgetown
39%
Roseau
35%
Kingstown
34%
Castries
31%
St. George's
29%
Basseterre
27%
St. John's
27%
Keine übereinstimmenden Quizze gefunden
Verteilung der Resultate
Anzahl Personen mit jedem Resultat
Perzentil nach korrekt beantworteten Fragen
Ihre Resultats-Entwicklung
Sie haben dieses Quiz noch nicht gespielt